00768nam a22002177a 4500003000400000005001700004008004100021040002300062050001500085100003600100245016300136264003000299300001800329336002200347337002400369338002400393650006200417650004000479942001400519999001700533OSt20260601171016.0260508b1967\\\\|||ao|||\||||\000\0\ger\d aICIbspacICIerda aNC997b.S7 aStankowski, Antoneautor933967 aFunktion und ihre Darstellung in der Werbegrafik = Visual Presentation of Invisible Processes = La fonction et sa représentation dans le dessin publicitaire aArtur Nigglib1967cSuiza a127 páginas 2rdacontentatexto 2rdamediaasin medio 2rdacarrieravolumen aProcesamiento de datosxRepresentación gráfica933968 aVisualización de la información 2lccn1cB c20694d20694